<?xml version="1.0" encoding="UTF-8"?><?xml-stylesheet type="text/xsl" href="static/style.xsl"?><OAI-PMH xmlns="http://www.openarchives.org/OAI/2.0/" xmlns:xsi="http://www.w3.org/2001/XMLSchema-instance" xsi:schemaLocation="http://www.openarchives.org/OAI/2.0/ http://www.openarchives.org/OAI/2.0/OAI-PMH.xsd"><responseDate>2026-06-29T16:49:16Z</responseDate><request verb="GetRecord" identifier="oai:docta.ucm.es:20.500.14352/136855" metadataPrefix="marc">https://docta.ucm.es/rest/oai/request</request><GetRecord><record><header><identifier>oai:docta.ucm.es:20.500.14352/136855</identifier><datestamp>2026-05-22T00:04:47Z</datestamp><setSpec>com_20.500.14352_14</setSpec><setSpec>col_20.500.14352_15</setSpec></header><metadata><record xmlns="http://www.loc.gov/MARC21/slim" xmlns:dcterms="http://purl.org/dc/terms/" xmlns:xsi="http://www.w3.org/2001/XMLSchema-instance" xmlns:doc="http://www.lyncode.com/xoai" xsi:schemaLocation="http://www.loc.gov/MARC21/slim http://www.loc.gov/standards/marcxml/schema/MARC21slim.xsd">
   <leader>00925njm 22002777a 4500</leader>
   <datafield ind2=" " ind1=" " tag="042">
      <subfield code="a">dc</subfield>
   </datafield>
   <datafield ind2=" " ind1=" " tag="720">
      <subfield code="a">Giacopinelli, Luca</subfield>
      <subfield code="e">author</subfield>
   </datafield>
   <datafield ind2=" " ind1=" " tag="720">
      <subfield code="a">Carrasco Rojo, Silvia</subfield>
      <subfield code="e">author</subfield>
   </datafield>
   <datafield ind2=" " ind1=" " tag="720">
      <subfield code="a">Ould Haddi, Inas Baoud</subfield>
      <subfield code="e">author</subfield>
   </datafield>
   <datafield ind2=" " ind1=" " tag="720">
      <subfield code="a">Albarrán Diego, César</subfield>
      <subfield code="e">author</subfield>
   </datafield>
   <datafield ind2=" " ind1=" " tag="720">
      <subfield code="a">Garzón Jiménez, Nuria</subfield>
      <subfield code="e">author</subfield>
   </datafield>
   <datafield ind2=" " ind1=" " tag="720">
      <subfield code="a">García Montero, María</subfield>
      <subfield code="e">author</subfield>
   </datafield>
   <datafield ind2=" " ind1=" " tag="260">
      <subfield code="c">2026-05</subfield>
   </datafield>
   <datafield ind2=" " ind1=" " tag="520">
      <subfield code="a">Purpose
To evaluate whether multifocal contact lenses (CLs) can serve as preoperative simulators of postoperative vision with enhanced monofocal and extended depth of focus (EDOF) intraocular lenses (IOLs), using the SimVis Gekko™ adaptive-optics visual simulator.
Methods
Twenty-four presbyopic subjects (mean age 54.9 ± 5.0 years; range 46-63) underwent monocular simulation of two daily disposable multifocal CLs (1-Day Acuvue® Moist Multifocal, medium addition; and Biotrue® ONEday for Presbyopia, high addition) and two IOLs (Tecnis® Eyhance™, enhanced monofocal; and LuxSmart™, EDOF) using the SimVis Gekko™ under photopic conditions and a fixed 3 mm pupil aperture. Monocular defocus curves were obtained from -3.00 to +1.00 D in 0.50 D steps. Area under the curve (AUC), negative-defocus cutoff at the 0.2 logMAR threshold, and defocus slopes from linear mixed-effects models were compared across lens conditions for both raw and offset corrected datasets.
Results
Both CLs exhibited a systematic -0.50 D myopic offset relative to the IOL simulations, consistent with their center-near design. After applying a +0.50 D vergence correction, AUC values were comparable across all four designs (p = 0.18). At the 0.2 logMAR threshold, LuxSmart showed the widest functional range (cutoff -2.38 ± 0.66 D) and Biotrue the narrowest (-1.69 ± 0.53 D). Mixed-effects modeling indicated equivalent defocus slopes between 1-Day Acuvue Moist and Tecnis Eyhance after vergence alignment (p = 0.894), while LuxSmart showed greater defocus tolerance and Biotrue degraded significantly faster (p = 0.005).
Conclusions
Once the intrinsic -0.50 D myopic offset is compensated, the 1-Day Acuvue Moist Multifocal closely replicates the through-focus visual performance of the Tecnis Eyhance IOL, supporting its use as a practical preoperative simulator for patients being considered for enhanced monofocal implantation. Multifocal CLs combined with adaptive optics simulation may assist surgeons in tailoring IOL selection and improve shared decision-making before cataract surgery.</subfield>
   </datafield>
   <datafield ind1="8" ind2=" " tag="024">
      <subfield code="a">Giacopinelli, Luca, et al. «Multifocal Contact Lenses for Preoperative Simulation of Enhanced Monofocal and Extended Depth of Focus Intraocular Lenses Using Adaptive Optics». Contact Lens and Anterior Eye, vol. 49, n.o 3, junio de 2026, p. 102665. DOI.org (Crossref), https://doi.org/10.1016/j.clae.2026.102665.</subfield>
   </datafield>
   <datafield ind1="8" ind2=" " tag="024">
      <subfield code="a">1367-0484</subfield>
   </datafield>
   <datafield ind1="8" ind2=" " tag="024">
      <subfield code="a">10.1016/j.clae.2026.102665</subfield>
   </datafield>
   <datafield ind1="8" ind2=" " tag="024">
      <subfield code="a">https://hdl.handle.net/20.500.14352/136855</subfield>
   </datafield>
   <datafield ind1="8" ind2=" " tag="024">
      <subfield code="a">https://doi.org/10.1016/j.clae.2026.102665</subfield>
   </datafield>
   <datafield ind2="0" ind1="0" tag="245">
      <subfield code="a">Multifocal contact lenses for preoperative simulation of enhanced monofocal and extended depth of focus intraocular lenses using adaptive optics</subfield>
   </datafield>
</record></metadata></record></GetRecord></OAI-PMH>